[Event "1st FIDE OWCCCC Pools-East 2021"]
[Site "Online"]
[Date "2021.02.19"]
[Round "2.18"]
[White "Sankaran, Bharath"]
[Black "terrry"]
[Result "0-1"]
[WhiteElo "1418"]
[BlackElo "2246"]
[Annotator "NA"]
[PlyCount "124"]
[EventDate "2021.02.19"]
[EventType "team-tourn"]
[EventCountry "NET"]
[SourceTitle "playchess.com"]
[Source "ChessBase"]
[SourceQuality "1"]

1. e4 e5 2. Nf3 Nc6 3. Bb5 a6 4. Ba4 Nf6 5. O-O Nxe4 6. Re1 Nc5 7. Bxc6 dxc6 8. Rxe5+ Be7 9. Nc3 O-O 10. d4 Ne6 11. Re1 Bf6 12. Be3 Ng5 13. Ne5 Bf5 14. h4 Ne4 15. g4 Nxc3 16. bxc3 Bxe5 17. gxf5 Bf6 18. h5 Qd5 19. Qg4 Rae8 20. Bd2 c5 21. h6 g6 22. fxg6 fxg6 23. Rad1 cxd4 24. cxd4 Qxd4 25. Qxd4 Bxd4 26. Rxe8 Rxe8 27. Bf4 c5 28. Rd2 Rf8 29. Bd6 Rf6 30. Be7 Re6 31. Bg5 Kf7 32. Kg2 Re1 33. Kg3 Ke6 34. Kg2 Kf5 35. f4 Re3 36. Kh2 Ra3 37. c4 b5 38. cxb5 axb5 39. Re2 Re3 40. Rc2 b4 41. Kg2 Ra3 42. Kf1 Bc3 43. Ke2 c4 44. Kf3 Bf6+ 45. Kf2 Bxg5 46. fxg5 c3 47. Ke3 Kxg5 48. Kd3 Kxh6 49. Kc4 Ra7 50. Kxb4 g5 51. Rxc3 Rxa2 52. Kc4 Rd2 53. Rh3+ Kg6 54. Kc3 Rd8 55. Re3 h5 56. Re1 h4 57. Rg1 Kh5 58. Rg2 g4 59. Rg1 h3 60. Rh1 Kh4 61. Rg1 g3 62. Rf1 g2 0-1

[Event "1st FIDE OWCCCC Pools-East 2021"]
[Site "Online"]
[Date "2021.02.19"]
[Round "2.19"]
[White "Miroslaw, Michal"]
[Black "Kossiaras, Fotios"]
[Result "1-0"]
[WhiteElo "2269"]
[BlackElo "1461"]
[Annotator "NA"]
[PlyCount "49"]
[EventDate "2021.02.19"]
[EventType "team-tourn"]
[EventCountry "NET"]
[SourceTitle "playchess.com"]
[Source "ChessBase"]
[SourceQuality "1"]

1. e4 c5 2. Nf3 d6 3. d4 cxd4 4. Nxd4 Nf6 5. Bd3 a6 6. O-O e5 7. Ne2 Be7 8. Nbc3 Be6 9. f4 O-O 10. Kh1 exf4 11. Nxf4 Nc6 12. Be3 Ne5 13. Qe1 Nc4 14. Nxe6 fxe6 15. Bxc4 d5 16. exd5 exd5 17. Nxd5 Nxd5 18. Rd1 Rxf1+ 19. Qxf1 Kh8 20. Bxd5 Qc7 21. Qe2 Bd6 22. Qh5 Rf8 23. Be4 g6 24. Bd4+ Kg8 25. Bd5+ 1-0

[Event "1st FIDE OWCCCC Pools-East 2021"]
[Site "Online"]
[Date "2021.02.19"]
[Round "2.19"]
[White "Fernandez Camacho, Pedro Jose"]
[Black "Ali Rached, Fodil"]
[Result "1-0"]
[WhiteElo "1813"]
[BlackElo "1105"]
[Annotator "NA"]
[PlyCount "133"]
[EventDate "2021.02.19"]
[EventType "team-tourn"]
[EventCountry "NET"]
[SourceTitle "playchess.com"]
[Source "ChessBase"]
[SourceQuality "1"]

1. c4 c6 2. d4 d5 3. Nf3 e6 4. Nc3 Nf6 5. e3 Be7 6. Bd3 O-O 7. O-O Nbd7 8. Qc2 dxc4 9. Bxc4 b5 10. Bd3 Bb7 11. b3 a6 12. Bb2 c5 13. Ne4 Rc8 14. Nxf6+ Bxf6 15. Qe2 cxd4 16. Nxd4 Nc5 17. Bb1 Qd5 18. Qg4 Rfd8 19. Bc2 h5 20. Qg3 Ne4 21. Bxe4 Qxe4 22. Rfc1 h4 23. Qh3 g5 24. f4 gxf4 25. Rxc8 Rxc8 26. Qg4+ Kf8 27. Ba3+ Be7 28. Bxe7+ Kxe7 29. Qxh4+ Kd7 30. Nf3 Qxe3+ 31. Qf2 Qe4 32. Rd1+ Ke7 33. Re1 Qc2 34. Qh4+ f6 35. Rxe6+ Kxe6 36. Nd4+ Ke5 37. Nxc2 Rxc2 38. Qh5+ f5 39. Qh8+ Ke4 40. Qe8+ Kd3 41. Qd7+ Ke2 42. h4 Be4 43. Qe7 Ke1 44. Qb4+ Kd1 45. h5 Rxg2+ 46. Kf1 Rg3 47. Qd4+ Kc1 48. Qa1+ Kd2 49. Qb2+ Kd1 50. h6 Rf3+ 51. Qf2 Rxf2+ 52. Kxf2 Bb1 53. h7 Bxa2 54. h8=Q Bxb3 55. Qd4+ Kc2 56. Qxf4 a5 57. Qxf5+ Kb2 58. Qxb5 a4 59. Qe5+ Ka2 60. Ke2 a3 61. Kd2 Kb1 62. Qe1+ Kb2 63. Qc1+ Ka2 64. Qc3 Bg8 65. Kc1 Bb3 66. Qb4 Bg8 67. Qb1# 1-0

[Event "1st FIDE OWCCCC Pools-East 2021"]
[Site "Online"]
[Date "2021.02.19"]
[Round "2.19"]
[White "Rawtani, Madan"]
[Black "Kolar, Pavel"]
[Result "0-1"]
[WhiteElo "1604"]
[BlackElo "2156"]
[Annotator "NA"]
[PlyCount "52"]
[EventDate "2021.02.19"]
[EventType "team-tourn"]
[EventCountry "NET"]
[SourceTitle "playchess.com"]
[Source "ChessBase"]
[SourceQuality "1"]

1. g4 d5 2. Bg2 Bxg4 3. c4 e6 4. Qb3 Nf6 5. cxd5 exd5 6. Qxb7 Nbd7 7. Bxd5 Rb8 8. Qc6 Rb6 9. Qc4 Ne5 10. Qf4 Bd6 11. Bxf7+ Kxf7 12. Qa4 Re8 13. e3 Nd3+ 14. Kf1 Nxc1 15. Qc4+ Kf8 16. Qxc1 Qa8 17. f3 Bxf3 18. Nxf3 Qxf3+ 19. Kg1 Qg4+ 20. Kf1 Ne4 21. Ke1 Qh4+ 22. Ke2 Qf2+ 23. Kd3 Nc5+ 24. Kc2 Qf5+ 25. Kd1 Nd3 26. Qc4 Nxb2+ 0-1

[Event "1st FIDE OWCCCC Pools-East 2021"]
[Site "Online"]
[Date "2021.02.19"]
[Round "2.20"]
[White "Sobek, Martin"]
[Black "Vinoth Kumar Kannan"]
[Result "0-1"]
[WhiteElo "1914"]
[BlackElo "1255"]
[Annotator "NA"]
[PlyCount "80"]
[EventDate "2021.02.19"]
[EventType "team-tourn"]
[EventCountry "NET"]
[SourceTitle "playchess.com"]
[Source "ChessBase"]
[SourceQuality "1"]

1. e4 e5 2. Nf3 Nc6 3. Bc4 Nd4 4. Nxd4 exd4 5. O-O d6 6. d3 Nf6 7. Bg5 Be7 8. Nd2 O-O 9. h3 h6 10. Bh4 Be6 11. Bb3 c5 12. f4 Nh7 13. Bxe7 Qxe7 14. f5 Bxb3 15. axb3 a6 16. Qf3 Rad8 17. Rae1 Qg5 18. Nc4 b5 19. Nb6 Nf6 20. e5 dxe5 21. Rxe5 Rfe8 22. Rfe1 Rxe5 23. Rxe5 Qc1+ 24. Kh2 Qxc2 25. Qb7 Qxb2 26. Re7 Qxb3 27. Nc8 Qd5 28. Nb6 Qxb7 29. Rxb7 Nd5 30. Nd7 c4 31. dxc4 bxc4 32. Ne5 c3 33. Nd3 c2 34. Nc1 Ne3 35. Rc7 d3 36. Nxd3 Rxd3 37. Kg1 Rd1+ 38. Kf2 c1=Q 39. Rxc1 Rxc1 40. Kxe3 Kf8 0-1

[Event "1st FIDE OWCCCC Pools-East 2021"]
[Site "Online"]
[Date "2021.02.19"]
[Round "2.20"]
[White "Afraoui, Solenn"]
[Black "Ferrara, Valeria"]
[Result "1-0"]
[WhiteElo "1889"]
[BlackElo "1382"]
[Annotator "NA"]
[PlyCount "47"]
[EventDate "2021.02.19"]
[EventType "team-tourn"]
[EventCountry "NET"]
[SourceTitle "playchess.com"]
[Source "ChessBase"]
[SourceQuality "1"]

1. e4 e5 2. Nf3 Nc6 3. Nc3 Nf6 4. g3 Be7 5. Bg2 O-O 6. O-O d6 7. h3 Be6 8. d3 d5 9. Ng5 h6 10. Nxe6 fxe6 11. Qe2 d4 12. Nb1 Na5 13. Nd2 c5 14. Nf3 Nc6 15. Bd2 b5 16. Nh4 Nd7 17. Qg4 Rf6 18. f4 Qf8 19. f5 exf5 20. Nxf5 Qf7 21. Nxh6+ Rxh6 22. Rxf7 Kxf7 23. Bxh6 gxh6 24. Qxd7 1-0

[Event "1st FIDE OWCCCC Pools-East 2021"]
[Site "Online"]
[Date "2021.02.19"]
[Round "2.20"]
[White "Gouvas, Panagiotis"]
[Black "Zawadzka, Magdalena"]
[Result "0-1"]
[WhiteElo "774"]
[BlackElo "2052"]
[Annotator "NA"]
[PlyCount "30"]
[EventDate "2021.02.19"]
[EventType "team-tourn"]
[EventCountry "NET"]
[SourceTitle "playchess.com"]
[Source "ChessBase"]
[SourceQuality "1"]

1. e4 e5 2. Nf3 d6 3. Bd3 Nf6 4. Nc3 Nc6 5. b3 Bg4 6. Qe2 Nd4 7. Qd1 Nh5 8. h3 Bxf3 9. gxf3 Nf4 10. Bc4 Qg5 11. Nd5 Qg2 12. Nxc7+ Kd8 13. d3 Nxf3+ 14. Qxf3 Qxf3 15. Nxa8 Qe2# 0-1

[Event "1st FIDE OWCCCC Pools-East 2021"]
[Site "Online"]
[Date "2021.02.19"]
[Round "2.21"]
[White "Jojua, Davit"]
[Black "Archbishop"]
[Result "1-0"]
[WhiteElo "2557"]
[BlackElo "2204"]
[Annotator "TA"]
[PlyCount "33"]
[EventDate "2021.02.19"]
[EventType "team-tourn"]
[EventCountry "NET"]
[SourceTitle "playchess.com"]
[Source "ChessBase"]
[SourceQuality "1"]

1. d4 Nf6 2. c4 g6 3. g3 Bg7 4. Bg2 d6 5. Nc3 O-O 6. Nf3 Nc6 7. O-O a6 8. Bf4 Rb8 9. Rc1 Bd7 10. a3 Nh5 11. Be3 e5 12. dxe5 dxe5 13. Ne4 b6 14. Nc3 Ne7 15. Nd5 h6 16. Qd2 Nf5 17. Rfd1 1-0

[Event "1st FIDE OWCCCC Pools-East 2021"]
[Site "Online"]
[Date "2021.02.19"]
[Round "2.21"]
[White "Scheffner, Axel"]
[Black "Kota, Ananth"]
[Result "1-0"]
[WhiteElo "2249"]
[BlackElo "1719"]
[Annotator "NA"]
[PlyCount "67"]
[EventDate "2021.02.19"]
[EventType "team-tourn"]
[EventCountry "NET"]
[SourceTitle "playchess.com"]
[Source "ChessBase"]
[SourceQuality "1"]

1. d4 Nf6 2. c4 g6 3. Nc3 Bg7 4. e4 d6 5. Be2 O-O 6. Bg5 Nbd7 7. Qd2 c6 8. h4 h5 9. f3 Qc7 10. Nh3 e5 11. d5 cxd5 12. cxd5 Qb6 13. Be3 Qd8 14. Nf2 b6 15. Nb5 Nc5 16. b4 Nb7 17. Rc1 a6 18. Nc7 Ne8 19. Nxa8 Bd7 20. Nxb6 f5 21. Nxd7 Qxd7 22. exf5 Rxf5 23. Bd3 Rf8 24. Bxg6 Nf6 25. Ne4 Nd8 26. O-O Nxe4 27. fxe4 Nf7 28. Qe2 Qg4 29. Qxg4 hxg4 30. Bxf7+ Rxf7 31. Rc8+ Bf8 32. Bh6 Rxf1+ 33. Kxf1 Kh7 34. Bxf8 1-0

[Event "1st FIDE OWCCCC Pools-East 2021"]
[Site "Online"]
[Date "2021.02.19"]
[Round "2.21"]
[White "Kishorekumar, V.."]
[Black "Srija, Seshadri"]
[Result "1-0"]
[WhiteElo "1831"]
[BlackElo "2219"]
[Annotator "NA"]
[PlyCount "89"]
[EventDate "2021.02.19"]
[EventType "team-tourn"]
[EventCountry "NET"]
[SourceTitle "playchess.com"]
[Source "ChessBase"]
[SourceQuality "1"]

1. d4 d5 2. c4 e6 3. Nc3 c6 4. cxd5 exd5 5. Bf4 Nf6 6. e3 Bb4 7. Bd3 O-O 8. Qc2 Re8 9. Nf3 Nbd7 10. O-O Nf8 11. Ne5 Ng6 12. Nxg6 hxg6 13. a3 Bd6 14. Bg3 Bxg3 15. hxg3 Ng4 16. Be2 Qg5 17. Bxg4 Bxg4 18. Ne2 f6 19. Nf4 Kf7 20. f3 Bf5 21. Qd2 Qxg3 22. Qf2 Qg5 23. g3 Rh8 24. Kg2 Rae8 25. Rh1 Bc8 26. Rxh8 Rxh8 27. Rh1 Rxh1 28. Kxh1 Qf5 29. Kg2 g5 30. g4 Qb1 31. Nh5 g6 32. Ng3 Qc1 33. Nf1 f5 34. gxf5 Bxf5 35. Qd2 Bh3+ 36. Kxh3 Qxf1+ 37. Qg2 Qd1 38. Kg4 Qd3 39. Qf2 Qf5+ 40. Kg3 Kf6 41. Qh2 Kg7 42. Kf2 Qc2+ 43. Kg3 Qd2 44. Qxd2 a6 45. Qb4 1-0

[Event "1st FIDE OWCCCC Pools-East 2021"]
[Site "Online"]
[Date "2021.02.19"]
[Round "2.21"]
[White "Lakra, Sumita"]
[Black "Fischer, Johannes"]
[Result "0-1"]
[WhiteElo "782"]
[BlackElo "2264"]
[Annotator "NA"]
[PlyCount "26"]
[EventDate "2021.02.19"]
[EventType "team-tourn"]
[EventCountry "NET"]
[SourceTitle "playchess.com"]
[Source "ChessBase"]
[SourceQuality "1"]

1. e4 e6 2. Nf3 d5 3. e5 c5 4. c3 Nc6 5. Bb5 Bd7 6. Qa4 a6 7. Bxc6 Bxc6 8. Qf4 Ne7 9. g4 Ng6 10. Qg3 d4 11. cxd4 Qd5 12. O-O Nh4 13. Nxh4 Qh1# 0-1

[Event "1st FIDE OWCCCC Pools-East 2021"]
[Site "Online"]
[Date "2021.02.19"]
[Round "2.22"]
[White "Maghalashvili, Davit"]
[Black "Nastasia"]
[Result "1-0"]
[WhiteElo "2456"]
[BlackElo "1662"]
[Annotator "TA"]
[PlyCount "89"]
[EventDate "2021.02.19"]
[EventType "team-tourn"]
[EventCountry "NET"]
[SourceTitle "playchess.com"]
[Source "ChessBase"]
[SourceQuality "1"]

1. Nf3 d5 2. g3 Nf6 3. Bg2 Bf5 4. O-O h6 5. d3 Bh7 6. c4 c6 7. cxd5 Nxd5 8. e4 Nb6 9. Nc3 N8d7 10. d4 Nf6 11. Ne5 e6 12. Be3 Bb4 13. f3 O-O 14. Qb3 Bd6 15. Rad1 Qc7 16. Nd3 e5 17. dxe5 Bxe5 18. Nxe5 Qxe5 19. Bxb6 axb6 20. Qxb6 h5 21. f4 Qe7 22. e5 Ng4 23. h3 Nh6 24. Kh2 Nf5 25. a3 Ra6 26. Qf2 b5 27. Ne4 Ra7 28. Ng5 Bg6 29. g4 hxg4 30. hxg4 Nh6 31. Kg3 f6 32. exf6 Qxf6 33. Qxa7 Qxb2 34. Qe3 Re8 35. Ne6 Nxg4 36. Qd2 Qxd2 37. Rxd2 Ne3 38. Nd4 Nxf1+ 39. Bxf1 Re3+ 40. Kg4 Rxa3 41. Nxc6 Kf8 42. Bxb5 Ra1 43. Rd8+ Kf7 44. Bc4+ Kf6 45. Rd6# 1-0

[Event "1st FIDE OWCCCC Pools-East 2021"]
[Site "Online"]
[Date "2021.02.19"]
[Round "2.22"]
[White "Rahal, Michael A"]
[Black "Sardhara, Preet"]
[Result "0-1"]
[WhiteElo "2333"]
[BlackElo "1647"]
[Annotator "TA"]
[PlyCount "84"]
[EventDate "2021.02.19"]
[EventType "team-tourn"]
[EventCountry "NET"]
[SourceTitle "playchess.com"]
[Source "ChessBase"]
[SourceQuality "1"]

1. e4 e5 2. Nf3 Nc6 3. Bb5 a6 4. Bxc6 dxc6 5. O-O Bg4 6. h3 Bxf3 7. Qxf3 Nf6 8. d3 Bc5 9. Bg5 Qe7 10. Nd2 h6 11. Bxf6 gxf6 12. Nc4 O-O-O 13. Ne3 Rdg8 14. Nf5 Qe6 15. Kh1 Rg6 16. c3 Rhg8 17. d4 exd4 18. cxd4 Bd6 19. Rg1 Re8 20. Rge1 Bb4 21. Re2 Reg8 22. a3 Bd6 23. Rg1 Re8 24. Rge1 Kb8 25. g3 c5 26. e5 fxe5 27. dxc5 Bxc5 28. Rxe5 Qxe5 29. Rxe5 Rxe5 30. g4 h5 31. b4 hxg4 32. hxg4 Bb6 33. Ng3 Reg5 34. Qxf7 Rxg4 35. Kg2 Bxf2 36. Qf8+ Ka7 37. Qxf2+ b6 38. Qf7 Rxg3+ 39. Kf2 Rg7 40. Qf6 Rg2+ 41. Kf1 R2g6 42. Qd4 Rf7+ 0-1

[Event "1st FIDE OWCCCC Pools-East 2021"]
[Site "Online"]
[Date "2021.02.19"]
[Round "2.22"]
[White "Jagadish, H.d."]
[Black "Karthikeyan, P.."]
[Result "1-0"]
[WhiteElo "2104"]
[BlackElo "2404"]
[Annotator "TA"]
[PlyCount "83"]
[EventDate "2021.02.19"]
[EventType "team-tourn"]
[EventCountry "NET"]
[SourceTitle "playchess.com"]
[Source "ChessBase"]
[SourceQuality "1"]

1. e4 c5 2. Nf3 d6 3. Bb5+ Nc6 4. Bxc6+ bxc6 5. e5 d5 6. O-O e6 7. d3 h6 8. b3 Ne7 9. c4 Nf5 10. Nc3 Bb7 11. Na4 Be7 12. Ba3 Qa5 13. Qe1 Qc7 14. Bxc5 g5 15. Rc1 dxc4 16. dxc4 g4 17. Nd2 Bg5 18. Ne4 Bxc1 19. Nf6+ Kd8 20. Qxc1 Qxe5 21. Rd1+ Kc8 22. Nd7 Qe2 23. Qa1 Rd8 24. Re1 Qd2 25. Nf6 h5 26. Qe5 Qxe1+ 27. Qxe1 Kc7 28. Qe5+ Kc8 29. h3 gxh3 30. Ne4 h2+ 31. Kxh2 h4 32. Nd6+ Nxd6 33. Bxd6 Rd7 34. Nc5 Rd8 35. Ne4 a5 36. c5 Ba6 37. Qf6 Bb7 38. Qxf7 Rd7 39. Qe8+ Rd8 40. Qxe6+ Rd7 41. Nf6 Ba6 42. Qxd7# 1-0

[Event "1st FIDE OWCCCC Pools-East 2021"]
[Site "Online"]
[Date "2021.02.19"]
[Round "2.22"]
[White "Nitnaware, Maheswata"]
[Black "Anwar, Morad Magdy"]
[Result "0-1"]
[WhiteElo "766"]
[BlackElo "2020"]
[Annotator "NA"]
[PlyCount "70"]
[EventDate "2021.02.19"]
[EventType "team-tourn"]
[EventCountry "NET"]
[SourceTitle "playchess.com"]
[Source "ChessBase"]
[SourceQuality "1"]

1. e4 c5 2. Na3 Nc6 3. Nf3 e6 4. Bc4 a6 5. O-O b5 6. Bd3 Nf6 7. e5 Nd5 8. c3 Qc7 9. Re1 d6 10. exd6 Bxd6 11. Ng5 Bxh2+ 12. Kf1 Bf4 13. Nxe6 Bxe6 14. g3 Bxg3 15. Re2 Nf4 16. Re3 Nxd3 17. Rxd3 Bd6 18. c4 b4 19. Nc2 Bxc4 20. Qe1+ Ne7 21. Qe2 Bxd3 22. Qxd3 O-O 23. Ne3 Rad8 24. b3 Be5 25. Rb1 Rxd3 26. Nc4 Bf6 27. Nb2 Rf3 28. d3 Qg3 29. Ke2 Qxf2+ 30. Kd1 Qf1+ 31. Kc2 Qe2+ 32. Bd2 Bxb2 33. Rxb2 Qxd3+ 34. Kc1 Rf1+ 35. Be1 Rxe1# 0-1

[Event "1st FIDE OWCCCC Pools-East 2021"]
[Site "Online"]
[Date "2021.02.19"]
[Round "2.23"]
[White "Limbourg, Marina"]
[Black "Raghava Madhavan"]
[Result "1-0"]
[WhiteElo "2058"]
[BlackElo "1546"]
[Annotator "NA"]
[PlyCount "69"]
[EventDate "2021.02.19"]
[EventType "team-tourn"]
[EventCountry "NET"]
[SourceTitle "playchess.com"]
[Source "ChessBase"]
[SourceQuality "1"]

1. e4 e5 2. Nc3 Nf6 3. f4 exf4 4. e5 Qe7 5. Qe2 Ng8 6. Nf3 g6 7. d4 Bg7 8. Bxf4 Nc6 9. O-O-O Nh6 10. Nd5 Qd8 11. Bg5 f6 12. exf6+ Kf7 13. fxg7 Re8 14. Bxd8 Rxe2 15. Bxe2 Nxd8 16. Nxc7 Rb8 17. Ne5+ Kxg7 18. Rhf1 Nf5 19. Ne8+ Kh8 20. g4 d6 21. Nc4 Nc6 22. gxf5 Bxf5 23. Nexd6 Rf8 24. Nxf5 gxf5 25. d5 Nb4 26. d6 b6 27. d7 Nc6 28. Nd6 f4 29. Nb7 Nd8 30. Nxd8 Rxd8 31. Rxf4 Kg7 32. Bc4 h6 33. Rf7+ Kg6 34. Re7 Kf6 35. Re8 1-0

[Event "1st FIDE OWCCCC Pools-East 2021"]
[Site "Online"]
[Date "2021.02.19"]
[Round "2.23"]
[White "Athirai, S."]
[Black "Kandasamy, Balakrishnan"]
[Result "1/2-1/2"]
[WhiteElo "1899"]
[BlackElo "1894"]
[Annotator "NA"]
[PlyCount "100"]
[EventDate "2021.02.19"]
[EventType "team-tourn"]
[EventCountry "NET"]
[SourceTitle "playchess.com"]
[Source "ChessBase"]
[SourceQuality "1"]

1. e4 c5 2. Nf3 Nc6 3. d4 cxd4 4. Nxd4 d6 5. Nc3 a6 6. Be3 e5 7. Nb3 Nf6 8. a4 Be6 9. Be2 Be7 10. O-O O-O 11. Kh1 Rc8 12. f4 exf4 13. Bxf4 Ne5 14. Nd4 Ng6 15. Bg5 h6 16. Bxf6 Bxf6 17. Nxe6 fxe6 18. Bg4 Qe7 19. Ne2 Bxb2 20. Rxf8+ Rxf8 21. Rb1 Be5 22. Nd4 Bxd4 23. Qxd4 Qf6 24. Qxf6 Rxf6 25. h3 Ne5 26. Rxb7 Nxg4 27. hxg4 Rf4 28. Rb6 Rxe4 29. Rxa6 Rxg4 30. Rxd6 Rxa4 31. Rxe6 Rc4 32. Re2 Kf7 33. Kg1 Kf6 34. Kf2 Kf5 35. Ke3 g5 36. Kd3 Rc8 37. c4 h5 38. Kd4 h4 39. c5 g4 40. Re4 Rd8+ 41. Ke3 Rd5 42. Rc4 h3 43. gxh3 gxh3 44. Rh4 Rxc5 45. Rh5+ Kg4 46. Rxc5 h2 47. Rc1 Kg3 48. Ke4 Kg2 49. Rc2+ Kg3 50. Rc1 Kg2 1/2-1/2

[Event "1st FIDE OWCCCC Pools-East 2021"]
[Site "Online"]
[Date "2021.02.19"]
[Round "2.24"]
[White "Naveen, Kumar A."]
[Black "Arun_"]
[Result "1-0"]
[WhiteElo "2035"]
[BlackElo "1698"]
[Annotator "NA"]
[PlyCount "71"]
[EventDate "2021.02.19"]
[EventType "team-tourn"]
[EventCountry "NET"]
[SourceTitle "playchess.com"]
[Source "ChessBase"]
[SourceQuality "1"]

1. d4 e6 2. c4 f5 3. Nc3 Nf6 4. e3 Bb4 5. Bd2 O-O 6. a3 Bxc3 7. Bxc3 b6 8. Nf3 Bb7 9. h3 d6 10. Bd3 Ne4 11. O-O Nd7 12. Rc1 Ndf6 13. b3 Nxc3 14. Rxc3 Ne4 15. Rc1 Qf6 16. Qc2 g5 17. Nd2 Nxd2 18. Qxd2 e5 19. d5 Rae8 20. e4 f4 21. f3 h5 22. Qe2 Kg7 23. Rc2 Bc8 24. Rd2 g4 25. hxg4 hxg4 26. fxg4 Qh4 27. Qf2 Qxg4 28. Be2 Qg5 29. Rd3 Rh8 30. Qf3 Bg4 31. Qxg4 Kg6 32. Qxg5+ Kxg5 33. Rff3 Rhf8 34. g3 fxg3 35. Rxg3+ Kf4 36. Rg4# 1-0

[Event "1st FIDE OWCCCC Pools-East 2021"]
[Site "Online"]
[Date "2021.02.19"]
[Round "2.24"]
[White "Alikapalli, Viswanatha"]
[Black "Balint, Laszlo"]
[Result "0-1"]
[WhiteElo "1611"]
[BlackElo "1543"]
[Annotator "NA"]
[PlyCount "58"]
[EventDate "2021.02.19"]
[EventType "team-tourn"]
[EventCountry "NET"]
[SourceTitle "playchess.com"]
[Source "ChessBase"]
[SourceQuality "1"]

1. d4 Nf6 2. c4 e6 3. Nc3 Bb4 4. Bg5 O-O 5. e3 d5 6. Bd3 dxc4 7. Bxc4 Nbd7 8. Nf3 Nb6 9. Bd3 h6 10. Bh4 Nbd5 11. Rc1 c6 12. O-O Qa5 13. Nxd5 Nxd5 14. a3 Bd6 15. Bb1 Qb6 16. Qd3 f5 17. b4 Qc7 18. e4 Nf4 19. Qb3 Ne2+ 20. Kh1 Nxc1 21. Rxc1 Kh8 22. exf5 exf5 23. d5 Qf7 24. Ba2 cxd5 25. Rd1 Be6 26. Nd4 Rae8 27. Nxe6 Qxe6 28. h3 Qe1+ 29. Rxe1 Rxe1# 0-1

[Event "1st FIDE OWCCCC Pools-East 2021"]
[Site "Online"]
[Date "2021.02.19"]
[Round "2.24"]
[White "Schein, Jutta"]
[Black "Gcl, Abhiraman"]
[Result "1-0"]
[WhiteElo "1281"]
[BlackElo "1511"]
[Annotator "NA"]
[PlyCount "53"]
[EventDate "2021.02.19"]
[EventType "team-tourn"]
[EventCountry "NET"]
[SourceTitle "playchess.com"]
[Source "ChessBase"]
[SourceQuality "1"]

1. c4 e5 2. Nc3 d6 3. g3 Nc6 4. Bg2 Bd7 5. e3 Nf6 6. Nge2 Be7 7. O-O O-O 8. h3 a6 9. f3 Nh5 10. d3 Qc8 11. Kh2 h6 12. Ne4 Nf6 13. g4 Nxe4 14. dxe4 Bh4 15. a3 Nd8 16. f4 exf4 17. exf4 Be7 18. f5 Bf6 19. Nd4 Be5+ 20. Kh1 c5 21. Nf3 Bf6 22. Qe2 Nc6 23. Be3 Re8 24. g5 hxg5 25. Nxg5 Nd4 26. Qh5 Kf8 27. Qxf7# 1-0

[Event "1st FIDE OWCCCC Pools-East 2021"]
[Site "Online"]
[Date "2021.02.19"]
[Round "2.25"]
[White "Antonenko, Vladimir"]
[Black "Poslusny, Martin"]
[Result "1-0"]
[WhiteElo "2391"]
[BlackElo "1917"]
[Annotator "NA"]
[PlyCount "55"]
[EventDate "2021.02.19"]
[EventType "team-tourn"]
[EventCountry "NET"]
[SourceTitle "playchess.com"]
[Source "ChessBase"]
[SourceQuality "1"]

1. d4 g6 2. e4 Bg7 3. c4 d6 4. Nf3 Nd7 5. Nc3 e5 6. Be2 Ne7 7. h4 exd4 8. Nxd4 Nc6 9. Be3 Qf6 10. Nd5 Qd8 11. Nb5 O-O 12. Nbxc7 Nf6 13. Nxa8 Nxd5 14. cxd5 Ne5 15. Qa4 Ng4 16. Qxa7 Nxe3 17. fxe3 Bxb2 18. Rb1 Bc3+ 19. Kd1 Qe8 20. Rc1 Qe5 21. Nb6 Bb2 22. Nc4 Qxe4 23. Nxb2 Qxd5+ 24. Qd4 Qxg2 25. Re1 d5 26. h5 h6 27. hxg6 fxg6 28. Rc7 1-0

[Event "1st FIDE OWCCCC Pools-East 2021"]
[Site "Online"]
[Date "2021.02.19"]
[Round "2.25"]
[White "Podbrdsky, Pavel"]
[Black "Matta, Vinay Kumar"]
[Result "1-0"]
[WhiteElo "2147"]
[BlackElo "2305"]
[Annotator "NA"]
[PlyCount "61"]
[EventDate "2021.02.19"]
[EventType "team-tourn"]
[EventCountry "NET"]
[SourceTitle "playchess.com"]
[Source "ChessBase"]
[SourceQuality "1"]

1. Nf3 Nf6 2. c4 g6 3. g3 Bg7 4. Bg2 O-O 5. O-O Nc6 6. d4 a6 7. d5 Na5 8. Qc2 c5 9. Nc3 Nxc4 10. b3 Nb6 11. e4 Nxe4 12. Qxe4 Bxc3 13. Bh6 Bxa1 14. Bxf8 Qxf8 15. Rxa1 d6 16. Re1 e5 17. dxe6 fxe6 18. Ng5 Qf5 19. Qh4 h5 20. Bh3 Qf6 21. Bxe6+ Kg7 22. g4 Nd7 23. gxh5 Ne5 24. h6+ Kh8 25. Nf7+ Qxf7 26. Qd8+ Kh7 27. Bxf7 Nf3+ 28. Kh1 Bh3 29. Qxa8 Nxe1 30. Qg8+ Kxh6 31. Qxg6# 1-0

[Event "1st FIDE OWCCCC Pools-East 2021"]
[Site "Online"]
[Date "2021.02.19"]
[Round "2.25"]
[White "Nagy Wafa, Shahenda"]
[Black "Schuetze, Norman"]
[Result "1-0"]
[WhiteElo "1979"]
[BlackElo "2310"]
[Annotator "TA"]
[PlyCount "145"]
[EventDate "2021.02.19"]
[EventType "team-tourn"]
[EventCountry "NET"]
[SourceTitle "playchess.com"]
[Source "ChessBase"]
[SourceQuality "1"]

1. e4 c5 2. Nf3 d6 3. d4 cxd4 4. Nxd4 Nf6 5. Nc3 a6 6. Bg5 e6 7. f4 Be7 8. Qf3 Qc7 9. O-O-O Nbd7 10. Bd3 h6 11. Bxf6 Bxf6 12. Nde2 Nc5 13. Kb1 Bd7 14. g4 O-O-O 15. h4 Kb8 16. g5 Be7 17. Rhg1 hxg5 18. hxg5 g6 19. Rh1 Rc8 20. Ng3 Na4 21. Nxa4 Bxa4 22. Qe2 Qb6 23. Bc4 Bc6 24. Rxh8 Rxh8 25. f5 gxf5 26. exf5 d5 27. Qe5+ Ka7 28. Qxh8 dxc4 29. fxe6 fxe6 30. g6 Bf3 31. Rf1 Qd6 32. Qc3 Qxg3 33. Qxf3 Qxg6 34. Qe3+ Kb8 35. Re1 Bb4 36. Rg1 Qf7 37. Qe5+ Ka8 38. a3 Bf8 39. Rd1 Qe7 40. Qh8 Ka7 41. Qd4+ Qc5 42. Qxc5+ Bxc5 43. Re1 c3 44. b4 Bd4 45. Rxe6 Bh8 46. Ka2 Bd4 47. Kb3 Bh8 48. a4 Bd4 49. Kc4 Bh8 50. Re8 Bf6 51. Rf8 Bg7 52. Rf7 Bh8 53. Kc5 Be5 54. b5 axb5 55. axb5 Bh2 56. Rf6 Bg1+ 57. Kc4 Bh2 58. Re6 Bg3 59. Kxc3 Bf2 60. Kc4 Bg1 61. Kd5 Bf2 62. c4 Bg1 63. c5 Bh2 64. Re7 Kb8 65. Rh7 Bg3 66. b6 Ka8 67. c6 bxc6+ 68. Kxc6 Bb8 69. Rh3 Be5 70. Re3 Bf4 71. b7+ Ka7 72. Ra3+ Kb8 73. Ra8# 1-0